000 00287nam a22001217a 4500
008 170530b xxu||||| |||| 00| 0 eng d
041 _aeng
080 _a94(7/8)
100 _a17
101 _aSHH
245 _aTHE LATIN AMERICAN REPUBLIC A HISTORY
_cMUNRO.D.G
942 _2udc
_cBK
999 _c15088
_d15088